000 00851nam a22002297a 4500
001 76180
003 BD-RjUL
005 20211209082814.0
008 191106s2019 bg ||||| |||| 00| 0 ben d
020 _a9844490017
035 _a(BD-RjUL)76401
040 _aBD-RjUL
_beng
_cBD-RjUL
041 _aeng
082 _223
_a954.9205
_bNAB 2019
100 _aনওয়াজ, ফারুক
_9234610
245 _aবঙ্গবন্ধু ও একটি সুন্দর সকাল /
_cফারুক নওয়াজ
260 _aঢাকা :
_bআরো প্রকাশন,
_c২০১৯
300 _a১২৭ পৃ. ;
_c২২ সেমি.
600 _aMujibur Rahman,
_cSheikh,
_d1920-1975
_9234611
600 _aমুজিবুর রহমান,
_cশেখ,
_d১৯২০-১৯৭৫
_9234612
942 _2ddc
_cBK
999 _c76180
_d76180